<?xml version="1.0" encoding="UTF-8"?>
<record
    xmlns:xsi="http://www.w3.org/2001/XMLSchema-instance"
    xsi:schemaLocation="http://www.loc.gov/MARC21/slim http://www.loc.gov/standards/marcxml/schema/MARC21slim.xsd"
    xmlns="http://www.loc.gov/MARC21/slim">

  <leader>00975nam a2200265 a 4500</leader>
  <controlfield tag="005">20200104041627.0</controlfield>
  <controlfield tag="008">140815|2008  cn  spa </controlfield>
  <datafield tag="020" ind1=" " ind2=" ">
    <subfield code="a">9292250833</subfield>
  </datafield>
  <datafield tag="041" ind1=" " ind2=" ">
    <subfield code="a">spa</subfield>
  </datafield>
  <datafield tag="044" ind1=" " ind2=" ">
    <subfield code="a">cn</subfield>
  </datafield>
  <datafield tag="082" ind1=" " ind2=" ">
    <subfield code="a">577.27</subfield>
    <subfield code="b">N25c</subfield>
  </datafield>
  <datafield tag="100" ind1="1" ind2=" ">
    <subfield code="a">Nasi, Robert</subfield>
    <subfield code="9">25582</subfield>
  </datafield>
  <datafield tag="245" ind1="1" ind2="0">
    <subfield code="a">Conservaci&#xF3;n y utilizaci&#xF3;n de recursos provenientes de la vida silvestre :</subfield>
    <subfield code="b">La crisis de la carne de caza</subfield>
    <subfield code="c">Robert, Nasi... (et al.)</subfield>
  </datafield>
  <datafield tag="260" ind1=" " ind2=" ">
    <subfield code="a">Montreal</subfield>
    <subfield code="b">Secretaria del Convenio sobre la Diversidad Biol&#xF3;gica  </subfield>
    <subfield code="b">Centro para la Investigaci&#xF3;n Forestal Internacional-(CIFOR) </subfield>
    <subfield code="c">2008</subfield>
  </datafield>
  <datafield tag="300" ind1=" " ind2=" ">
    <subfield code="a">53 p.</subfield>
    <subfield code="b">Tablas, fot.</subfield>
    <subfield code="c">28 cm.</subfield>
  </datafield>
  <datafield tag="490" ind1=" " ind2=" ">
    <subfield code="a">Cuaderno T&#xE9;cnico CDB </subfield>
    <subfield code="v">33</subfield>
  </datafield>
  <datafield tag="504" ind1=" " ind2=" ">
    <subfield code="a">Incluye referencias bibliogr&#xE1;ficas (pag 45 - 53)</subfield>
  </datafield>
  <datafield tag="650" ind1=" " ind2="4">
    <subfield code="a">Vida silvestre</subfield>
    <subfield code="9">25974</subfield>
  </datafield>
  <datafield tag="650" ind1=" " ind2="4">
    <subfield code="a">Cacer&#xED;a</subfield>
    <subfield code="9">3826</subfield>
  </datafield>
  <datafield tag="650" ind1=" " ind2="4">
    <subfield code="a">Conservaci&#xF3;n de biodiversidad</subfield>
    <subfield code="9">345</subfield>
  </datafield>
  <datafield tag="650" ind1=" " ind2="4">
    <subfield code="a">Carne de monte</subfield>
    <subfield code="9">25975</subfield>
  </datafield>
  <datafield tag="700" ind1="1" ind2=" ">
    <subfield code="a">Brown, David</subfield>
    <subfield code="e">ed.</subfield>
    <subfield code="9">25412</subfield>
  </datafield>
  <datafield tag="700" ind1="1" ind2=" ">
    <subfield code="a">Bennet, Elizabeth</subfield>
    <subfield code="e">ed.</subfield>
    <subfield code="9">25414</subfield>
  </datafield>
  <datafield tag="942" ind1=" " ind2=" ">
    <subfield code="c">LIBRO</subfield>
    <subfield code="2">ddc</subfield>
  </datafield>
  <datafield tag="999" ind1=" " ind2=" ">
    <subfield code="c">8595</subfield>
    <subfield code="d">8595</subfield>
  </datafield>
  <datafield tag="952" ind1=" " ind2=" ">
    <subfield code="0">0</subfield>
    <subfield code="1">0</subfield>
    <subfield code="2">ddc</subfield>
    <subfield code="4">0</subfield>
    <subfield code="7">0</subfield>
    <subfield code="8">GENERAL</subfield>
    <subfield code="I">INV2017</subfield>
    <subfield code="a">Bogota</subfield>
    <subfield code="b">Bogota</subfield>
    <subfield code="d">2014-08-08</subfield>
    <subfield code="e">Instituto</subfield>
    <subfield code="g">39000.00</subfield>
    <subfield code="l">0</subfield>
    <subfield code="o">LB-577.27 N25c</subfield>
    <subfield code="p">034526</subfield>
    <subfield code="r">2014-08-08 00:00:00</subfield>
    <subfield code="t">Ej. 1</subfield>
    <subfield code="w">2014-08-08</subfield>
    <subfield code="x">Donaci&#xF3;n</subfield>
    <subfield code="y">LIBRO</subfield>
  </datafield>
</record>
